2025 NHL FOUR NATIONS PLAYER COUNTRY QUIZ - Statistics

General Stats
  • This quiz has been taken 282 times
  • The average score is 39 of 48
Answer Stats
Hint Answer % Correct
Connor McDavid Canada
99%
Sidney Crosby Canada
97%
Cale Makar Canada
95%
Jack Hughes USA
95%
Nathan MacKinnon Canada
94%
Connor Hellebuyck USA
93%
Brad Marchand Canada
92%
Jack Eichel USA
92%
Brady Tkachuk USA
92%
Matthew Tkachuk USA
90%
Charlie McAvoy USA
88%
Artturi Lehkonen Finland
87%
Rasmus Dahlin Sweden
87%
Mitch Marner Canada
86%
Jake Guentzel USA
86%
Adam Fox USA
86%
Auston Matthews USA
86%
Jordan Binnington Canada
85%
William Nylander Sweden
85%
Dylan Larkin USA
83%
Devon Toews Canada
82%
Drew Doughty Canada
82%
Brayden Point Canada
82%
Mark Stone Canada
82%
Mikko Rantanen Finland
82%
Matt Boldy USA
82%
J.T. Miller USA
82%
Sam Reinhart Canada
81%
Patrik Laine Finland
81%
Brock Faber USA
79%
Sebastian Aho Finland
78%
Zach Werenski USA
77%
Aleksander Barkov Finland
76%
Erik Karlsson Sweden
76%
Filip Forsberg Sweden
76%
Josh Morrissey Canada
74%
Roope Hintz Finland
74%
Victor Hedman Sweden
73%
Kyle Connor USA
73%
Mika Zibanejad Sweden
72%
Jaccob Slavin USA
72%
Colton Parayko Canada
70%
Juuse Saros Finland
70%
Joel Eriksson Ek Sweden
70%
Elias Pettersson Sweden
70%
Mikael Granlund Finland
69%
Jesper Bratt Sweden
64%
Lucas Raymond Sweden
61%
No matching quizzes found
Score Distribution
Percent of People with Each Score
Percentile by Number Answered
Your Score History
You have not taken this quiz